000 00337nam a2200133Ia 4500
008 240624s9999 xx 000 0 und d
041 _aeng
082 _a658.314 ALL
100 _aALLEN JANIS
245 _aHOW TO ENGAGE INVOLVE AND MOTIVATE EMPLO
260 _c2017
_aUSA
_bCRC Press
300 _axviii,164P. 23cm.
365 _cBPS
_b33
999 _c32657
_d32657